000 00458nam a2200181Ia 4500
001 16208
005 20260306170253.0
008 260306t1996||||xx |||||||||||||| ||und||
041 _aESP
082 _a347.4
_bC29
100 _aCastillo Freyre, Mario
_eAUT
245 0 _aEl precio en el contrato de compraventa y el contrato de permuta
260 _c1996
300 _a648 páginas :
_c
650 _aGEN
654 _aCDE
942 _cLIB
_dJUS
_fJUS
_2ddc
_n
999 _c16208
_d16208